|
|
|
|
| LEADER |
03136nam a22003853i 4500 |
| 001 |
EBC6955951 |
| 003 |
MiAaPQ |
| 005 |
20231204023223.0 |
| 006 |
m o d | |
| 007 |
cr cnu|||||||| |
| 008 |
231204s2018 xx o ||||0 ger d |
| 020 |
|
|
|a 9783839438985
|q (electronic bk.)
|
| 020 |
|
|
|z 9783837638981
|
| 035 |
|
|
|a (MiAaPQ)EBC6955951
|
| 035 |
|
|
|a (Au-PeEL)EBL6955951
|
| 035 |
|
|
|a (OCoLC)1139865020
|
| 040 |
|
|
|a MiAaPQ
|b eng
|e rda
|e pn
|c MiAaPQ
|d MiAaPQ
|
| 100 |
1 |
|
|a Kuglstatter, Verena.
|
| 245 |
1 |
4 |
|a Der Gebrauch der Jugendgewaltprävention :
|b Subjektivierungsformen eines Problemdiskurses.
|
| 250 |
|
|
|a 1st ed.
|
| 264 |
|
1 |
|a Bielefeld :
|b transcript,
|c 2018.
|
| 264 |
|
4 |
|c {copy}2018.
|
| 300 |
|
|
|a 1 online resource (247 pages)
|
| 336 |
|
|
|a text
|b txt
|2 rdacontent
|
| 337 |
|
|
|a computer
|b c
|2 rdamedia
|
| 338 |
|
|
|a online resource
|b cr
|2 rdacarrier
|
| 490 |
1 |
|
|a Gesellschaft der Unterschiede
|
| 505 |
0 |
|
|a Cover -- Inhalt -- 1. Einleitung -- 2. Theoretische Reflexion des Forschungsgegenstands -- 2.1 Diskurstheoretische Perspektive auf Jugendgewaltprävention -- 2.2 Über das Verhältnis von Diskurs und diskursiven Praktiken -- 2.3 Über das Verhältnis von Subjekt, Macht und Wissen -- 2.4 Sprechen über Gewalt: Über das Verhältnis von Sprechen und Gewalt -- 3. Methodische Herangehensweise -- 3.1 Zur Verknüpfung von Diskursanalyse und Dokumentarischer Methode -- 3.2 Feldzugang und Datenmaterial -- 4. Datenauswertung -- 4.1 (Jugendgewalt-)Prävention aus der Perspektive der Fachpersonen -- 4.1.1 Interpretation der Einstiegspassagen: Doing Expertise -- 4.1.2 Prävention zwischen Gesellschaftskritik und kriminalpolitischer Programmatik -- 4.1.3 Zur Normalisierung von Jugendgewalt -- 4.1.4 Zusammenfassung -- 4.2 Jugendgewaltprävention auf Ebene des Programms -- 4.2.1 Zur Konstruktion von Kollektivität -- 4.2.2 Zur Konstruktion von »Jugend« -- 4.2.3 Legitimationsweisen -- 4.2.4 Zusammenfassung -- 4.3 Zusammenfassung und Integration der Ergebnisse -- 4.4 Methodische Reflexion -- 5. Theoretische Diskussion der Ergebnisse -- 5.1 Responsibilisierung und die Individualisierung von Risiko -- 5.2 Verantwortung als Subjektivierungsform -- 5.3 Thesen -- 6. Theoretische Anschlussdiskussion -- 6.1 Jugendsoziologische Anschlüsse -- 6.2 Gewalttheoretische Anschlüsse -- 7. Zum Gebrauch von Prävention -- 7.1 Paradoxien im Kontext von Jugendgewaltprävention -- 7.2 Kritik einer Gesellschaft der Bestandssicherung -- Literatur.
|
| 588 |
|
|
|a Description based on publisher supplied metadata and other sources.
|
| 590 |
|
|
|a Electronic reproduction. Ann Arbor, Michigan : ProQuest Ebook Central, 2023. Available via World Wide Web. Access may be limited to ProQuest Ebook Central affiliated libraries.
|
| 655 |
|
4 |
|a Electronic books.
|
| 776 |
0 |
8 |
|i Print version:
|a Kuglstatter, Verena
|t Der Gebrauch der Jugendgewaltprävention
|d Bielefeld : transcript,c2018
|z 9783837638981
|
| 797 |
2 |
|
|a ProQuest (Firm)
|
| 830 |
|
0 |
|a Gesellschaft der Unterschiede
|
| 856 |
4 |
0 |
|u https://ebookcentral.proquest.com/lib/matrademy/detail.action?docID=6955951
|z Click to View
|